000 00297nam a22001337a 4500
008 170926b xxu||||| |||| 00| 0 eng d
020 _a0070551456
041 _aeng
080 _26TH
_a37
100 _a46
101 _aEDU
245 _aTHE STAGE AND THE SCHOOL
_cSCHANKER,H,H
942 _2udc
_cBK
999 _c29871
_d29871